000 00884cam a22002771 4500
001 279414
003 OSt
005 20140310182047.0
008 711216s1964 ilu 000 0 eng
010 _a 64022778
040 _aDLC
_cDLC
_dDLC
043 _an-us---
050 0 0 _aE 183
_b.R237 1964
082 0 0 _aHS 324.2736
_bR19 1964
100 1 _aRattner, Faye.
_911778
245 1 0 _aReform in America :
_bJacksonian democracy, progressivism, and the New Deal.
_cFaye Rattner.
260 _aChicago,
_bScott, Foresman
_cc1964.
300 _a176 p. :
_c23 cm.
_bill. ;
490 0 _aScott Foresman problems in American history
650 0 _aNew Deal, 1933-1939.
_911779
651 0 _aUnited States
_xPolitics and government.
_911780
651 0 _aUnited States
_xSocial policy.
_911781
906 _a7
_bcbc
_corignew
_du
_eocip
_f19
_gy-gencatlg
942 _2lcc
_cHS
999 _c8907
_d8907